000 00235nam a2200097Ia 4500
008 230915s9999 xx 000 0 und d
050 _aQA76.73.P22 S38 1997
100 _aRANDALL L. SCHWARTZ
245 0 _aLEARNING PEARL
942 _cBK
999 _c183878
_d183878